000
00311nam a2200121 a 4500
005
20140414132113.0
008
110817s19uu xx 00 eng d
050
_a
REF 503
_b
A3 1990
245
_a
The age of computers.
260
_a
Singapore :
_b
Worl book,
_c
1990.
440
_a
Young Scientist
999
_c
114837
_d
114837